Finančné riziká pri komoditných obchodoch

Definícia finančného rizika. Päť hlavných finančných rizík podľa J. Jílka. Investičné riziko. Investovanie do komodít. Daňové riziká.

Uložené v:
Podrobná bibliografia
Hlavný autor: Vavrová, Katarína, 1960-
Médium: Kapitola
Jazyk:Slovak
Predmet:
Tagy: Pridať tag
Žiadne tagy, Buďte prvý, kto otaguje tento záznam!

MARC

LEADER 00000nla$a2200000$$$4500
001 0145262
005 20240502072618.9
041 0 |a slo 
044 |a SK 
245 1 0 |a Finančné riziká pri komoditných obchodoch  |c Katarína Vavrová 
520 |a Definícia finančného rizika. Päť hlavných finančných rizík podľa J. Jílka. Investičné riziko. Investovanie do komodít. Daňové riziká. 
610 2 0 |a riziko finančné 
610 2 0 |a investície 
610 2 0 |a investovanie 
610 2 0 |a komodity 
610 2 0 |a zlato 
610 2 0 |a riziko obchodné 
610 2 0 |a riziko trhové 
610 2 0 |a dane 
610 2 0 |a oslobodenie od daní 
610 2 0 |a dane z hodnoty pridanej 
100 1 |a Vavrová, Katarína, 1960-